000 00604nam a2200193Ia 4500
003 GCL
008 140319s9999 xx 000 0 ara d
040 _aGCL /
_cGCL
082 0 4 _a843.03
_bف ز
100 1 _aطه حسين
245 1 0 _aزديج او القضاء : قصة شرقية 1748 /
_cطه حسين
700 1 _aفولتير
300 _a504 ص
490 _aالهيئة العامة للاستعلامات
_v0
650 0 4 _aالقصص الفرنسية
650 0 4 _aالادب الفرنسى المترجم
650 0 4 _aالقصص الفرنسية المترجمة
942 _2ddc
_cBK
999 _c47634
_d47634